000 00358nam a2200133Ia 4500
005 20260328101508.0
008 260328s9999||||xx |||||||||||||| ||und||
100 _aViollet-le-Duc, Eugène-Emmanuel
245 0 _aHistoria de la Vivienda Humana /
_cEugène-Emmanuel Viollet-le-Duc
260 _bCentauro
300 _a376 p.
650 _aHISTORIA
942 _cBK
999 _c9107
_d9107